00496nam a2200157Ia 4500003000400000008004100004082001600045100001500061245004000076260001900116300000800135650001200143942001200155999001500167952015600182OSt191201s2012 xx 000 0 und d a512.94bKAT aKAPOOR, NM 0aText Book of Differential Equations bPitambarc2012 a847 aApplied 2ddccBK c7126d7126 00102ddc40708APPLIEDaPIETbPIETd2020-07-21eAmar Hind Book Depotg495.00k4194l0o512.94 KATp31493r2019-12-04 00:00:00v420.75w2019-06-22yBK